000 01823cam a2200457 4500
003 PE-LiUPU
005 20250731173410.0
008 2004 miu
020 _a1558834087
035 _a(Sirsi) i9781558834088
035 _a(Sirsi) 46344
035 _a(Sirsi) 46344
082 0 4 _a225.13
_bR55
100 1 _aRidderbos, Herman,
_eautor.
245 1 0 _aHistoria de la salvación y Santa Escritura /
_cHerman Ridderbos.
264 1 _aGrand Rapids, Michigan :
_bLibros Desafío,
_c2004.
300 _a125 páginas ;
_c23 centímetros
500 _aTítulo original en holandés: Heilsgeschiedenis en Heilige Schrift
505 0 _aEl canon del Nuevo Testamento -- Exploración fundamental -- La nueva reflexión -- La posición de Lutero y el apoyo que recibe -- El punto de vista reformado -- El canon y la historia de la salvación -- El apostolado -- La tradición -- La tr
526 _aSEG42
526 _aSEG41
526 _aSEG40
526 _aSEG39
526 _aP94
526 _aP87
526 _aP86
526 _aP85
526 _aP77
526 _aP76
526 _aP35
630 _aBiblia
_pN.T.
_xInspiración
630 _aBiblia
_pN.T.
_xCanon
_xIglesia Reformada
630 _aBiblia
_pN.T.
_xEvidencias, autoridad, etc.
942 _2ddc
_cBOOK
949 _a225.13 R55
_i63907
_lCCODEBUL1
_mBUL
_tLIBRO
_o.STAFF. Colección General
859 _q63907
_h225.13
_iR55
910 _agl
_bjv
_clch
_d20111030
596 _a1
999 _a225.13 R55
_wDEWEY
_c52770
_i63907
_d52770
_e2022-6-8
_f2021-11-9
_g5
_lCCODEBUL1
_mBUL
_n6
_p29.00
_q1
_r0
_sY
_tBOOK
_u2015-7-6
_xTEOLOGIA
_PP35
_0COMPRA
_o.STAFF. Colección General
980 _81
_gALBERTO SANCHEZ Responsable de Automatización